00487nam a2200169Ia 4500003000400000008004100004040001600045082001400061100001600075245011400091260004000205300000900245650001200254650001200266650001400278650002500292GCL140319s9999 xx 000 0 eng d aGCL / cGCL04a912.bW C1 aWOOD, JENNY10aTHE CHILDREN'S ATLAS OF PEOPLE & PLACES: TRAVEL THE WORLD AND VISIT PEOPLE IN FAR - OFF LANDS / cWOOD, JENNY a[S.N] : bTHE APPLE PRESS ، c1993 a95 P04aATLASES04aHISTORY04aGEOGRAPHY04aHISTORY OF THE WORLD